[Event "Madrid-ch Previa A"]
[Site "Madrid"]
[Date "2023.02.21"]
[Round "8.21"]
[White "Guardiola Sevilla, Antonio"]
[Black "Menendez Domens, Juan Manuel"]
[Result "1-0"]
[WhiteElo "1716"]
[BlackElo "1440"]
[PlyCount "75"]
[EventDate "2023.02.06"]
[EventType "swiss"]
[EventRounds "9"]
[EventCountry "ESP"]
[SourceTitle "EXT 2024"]
[Source "ChessBase"]
[SourceDate "2023.10.10"]
[SourceVersion "1"]
[SourceVersionDate "2023.10.10"]
[SourceQuality "1"]

1. e4 e5 2. Nf3 Nc6 3. Bb5 Nf6 4. d3 a6 5. Bxc6 dxc6 6. Nxe5 Bc5 7. 0-0 Qd6 8. Nf3 Bg4 9. Nbd2 Bd4 10. Qe1 b5 11. e5 Bxe5 12. Qxe5+ Kd7 13. Qxd6+ cxd6 14. Ng5 Raf8 15. Nge4 Nd5 16. h3 Be6 17. a3 h6 18. Nf3 f5 19. Ng3 f4 20. Ne4 g5 21. Nd4 Bg8 22. b4 Bh7 23. f3 Rhg8 24. Bd2 h5 25. Kf2 g4 26. hxg4 hxg4 27. Rh1 Rf7 28. Rh4 gxf3 29. Nxf3 Rfg7 30. Neg5 Bf5 31. Bxf4 c5 32. bxc5 dxc5 33. g3 Rf8 34. Re1 b4 35. axb4 Nxb4 36. Re5 Bxd3 37. Rxc5 Bb5 38. Rc7+ 1-0

[Event "Madrid-ch Previa A"]
[Site "Madrid"]
[Date "2023.02.13"]
[Round "4.26"]
[White "Balsera Gomez, Antonio"]
[Black "Menendez Domens, Juan Manuel"]
[Result "1-0"]
[WhiteElo "1663"]
[BlackElo "1440"]
[PlyCount "77"]
[EventDate "2023.02.06"]
[EventType "swiss"]
[EventRounds "9"]
[EventCountry "ESP"]
[SourceTitle "EXT 2024"]
[Source "ChessBase"]
[SourceDate "2023.10.10"]
[SourceVersion "1"]
[SourceVersionDate "2023.10.10"]
[SourceQuality "1"]

1. d4 d5 2. Nf3 Nf6 3. e3 b6 4. Bd3 Ba6 5. 0-0 Bxd3 6. Qxd3 e6 7. b3 Nbd7 8. c4 c6 9. Nbd2 Rc8 10. Bb2 h6 11. Rfd1 Be7 12. Rac1 0-0 13. a3 Re8 14. Ne5 Bd6 15. cxd5 cxd5 16. Nc6 Rxc6 17. Rxc6 Qb8 18. h3 e5 19. dxe5 Bxe5 20. Rc2 Nc5 21. Qf5 Ncd7 22. Nf3 g6 23. Bxe5 Rxe5 24. Qf4 g5 25. Qh2 Re8 26. Qxb8 Rxb8 27. Rdc1 Nc5 28. b4 Nce4 29. Rc8+ Rxc8 30. Rxc8+ Kg7 31. Ra8 a5 32. bxa5 bxa5 33. Rxa5 Nc3 34. Ne5 Nfe4 35. Ra7 Nd6 36. a4 Kf6 37. Ng4+ Kg6 38. Ra6 Nce4 39. f3 1-0

[Event "Madrid Vicalvaro op"]
[Site "Madrid"]
[Date "2022.06.05"]
[Round "5"]
[White "Gonzalez Arganda, Ernesto"]
[Black "Menendez Domens, Juan Manuel"]
[Result "0-1"]
[WhiteElo "1110"]
[BlackElo "1446"]
[PlyCount "64"]
[EventDate "2022.05.08"]
[EventType "swiss"]
[EventRounds "7"]
[EventCountry "ESP"]
[SourceTitle "EXT 2024"]
[Source "ChessBase"]
[SourceDate "2023.10.10"]
[SourceVersion "1"]
[SourceVersionDate "2023.10.10"]
[SourceQuality "1"]

1. d4 f5 2. Nf3 Nf6 3. e3 e6 4. Bd3 b6 5. Nc3 Bb4 6. Bd2 Bb7 7. a3 Bxc3 8. Bxc3 0-0 9. Qe2 d6 10. 0-0-0 Nbd7 11. Rhg1 Nd5 12. Bd2 N5f6 13. Ng5 Qe7 14. e4 h6 15. Nxe6 Qxe6 16. Bc4 d5 17. Bb3 Qxe4 18. Be3 f4 19. Rd3 fxe3 20. Rxe3 Qxd4 21. Re7 Rae8 22. Re1 Nc5 23. Rd1 Nxb3+ 24. cxb3 Qc5+ 25. Kb1 Rxe7 26. Qf3 Ne4 27. Qg4 Nxf2 28. Qh5 Nxd1 29. Qxd1 Qf2 30. Qg4 Re2 31. Qb4 Rxb2+ 32. Kc1 Qc2# 0-1

[Event "Madrid Vicalvaro op"]
[Site "Madrid"]
[Date "2022.05.08"]
[Round "1"]
[White "Menendez Domens, Juan Manuel"]
[Black "Diaz Duarte, Rossner"]
[Result "0-1"]
[WhiteElo "1446"]
[BlackElo "1913"]
[PlyCount "48"]
[EventDate "2022.05.08"]
[EventType "swiss"]
[EventRounds "7"]
[EventCountry "ESP"]
[SourceTitle "EXT 2024"]
[Source "ChessBase"]
[SourceDate "2023.10.10"]
[SourceVersion "1"]
[SourceVersionDate "2023.10.10"]
[SourceQuality "1"]

1. d4 Nf6 2. Nf3 g6 3. e3 Bg7 4. Bd3 d6 5. h3 Nbd7 6. Nbd2 e5 7. c3 Qe7 8. dxe5 dxe5 9. e4 Nc5 10. Bc2 Nh5 11. b4 Ne6 12. 0-0 0-0 13. a4 Nef4 14. Bb3 Rd8 15. Kh2 h6 16. g4 Nf6 17. Qc2 Be6 18. Bxe6 Qxe6 19. Qa2 Nxg4+ 20. Kh1 Nxh3 21. Qxe6 fxe6 22. Nh4 Kh7 23. f3 Ne3 24. Re1 Nc2 0-1

[Event "Madrid-ch Seniors 50"]
[Site "Madrid"]
[Date "2022.03.29"]
[Round "2"]
[White "Lopez Heras, Arturo"]
[Black "Menendez Domens, Juan Manuel"]
[Result "1-0"]
[WhiteElo "1757"]
[BlackElo "1449"]
[PlyCount "71"]
[EventDate "2022.03.28"]
[EventType "swiss"]
[EventRounds "9"]
[EventCountry "ESP"]
[SourceTitle "EXT 2023"]
[Source "ChessBase"]
[SourceDate "2022.10.05"]
[SourceVersion "1"]
[SourceVersionDate "2022.10.05"]
[SourceQuality "1"]

1. e4 e5 2. Nf3 Nc6 3. d4 exd4 4. Nxd4 Be7 5. Bc4 Ne5 6. Bb3 Nf6 7. Nc3 c6 8. 0-0 0-0 9. f4 Ng6 10. e5 Ne8 11. Be3 d5 12. Qh5 c5 13. Nf5 Bxf5 14. Qxf5 d4 15. Rad1 Qc8 16. e6 Nd6 17. exf7+ Nxf7 18. Be6 Nh4 19. Qg4 Qc6 20. Nd5 Qd6 21. Bf2 Ng6 22. Bg3 Kh8 23. Nxe7 Qxe7 24. f5 Nh6 25. Qh5 Rae8 26. Rde1 Rf6 27. Bc4 Qf8 28. Rxe8 Qxe8 29. Re1 Qf8 30. fxg6 Rxg6 31. Bd3 Rf6 32. Be5 g6 33. Bxf6+ Qxf6 34. Qxh6 Qf7 35. Rf1 Qe6 36. Rf8+ 1-0

[Event "Madrid-ch Previa-B"]
[Site "Madrid"]
[Date "2021.02.06"]
[Round "3"]
[White "Centeno Mendoza, Julio Stefano"]
[Black "Menendez Domens, Juan Manuel"]
[Result "1-0"]
[WhiteElo "2038"]
[BlackElo "1487"]
[PlyCount "45"]
[EventDate "2021.02.04"]
[EventType "swiss"]
[EventRounds "9"]
[EventCountry "ESP"]
[SourceTitle "EXT 2022"]
[Source "ChessBase"]
[SourceDate "2021.10.06"]
[SourceVersion "1"]
[SourceVersionDate "2021.10.06"]
[SourceQuality "1"]

1. e4 c5 2. d4 cxd4 3. c3 dxc3 4. Nxc3 e6 5. Nf3 Bb4 6. Bc4 h6 7. 0-0 Bxc3 8. bxc3 Qe7 9. a4 Qc5 10. Ba3 Qc7 11. Qd4 f6 12. e5 Nc6 13. Qc5 Nge7 14. exf6 gxf6 15. Qh5+ Kf8 16. Nh4 d6 17. Rad1 Ne5 18. Bxd6 Qxc4 19. Ng6+ N5xg6 20. Qxg6 e5 21. Qxf6+ Kg8 22. Bxe7 Be6 23. Qg6# 1-0

[Event "Madrid-ch Seniors 50"]
[Site "Madrid"]
[Date "2020.01.15"]
[Round "3"]
[White "Menendez Domens, Juan Manuel"]
[Black "Ramos Antona, Enrique"]
[Result "1-0"]
[WhiteElo "1439"]
[BlackElo "1493"]
[PlyCount "122"]
[EventDate "2020.01.13"]
[EventType "swiss"]
[EventRounds "9"]
[EventCountry "ESP"]
[SourceTitle "CBM 194 Extra"]
[Source "ChessBase"]
[SourceDate "2020.03.31"]
[SourceVersion "1"]
[SourceVersionDate "2020.03.31"]
[SourceQuality "1"]

1. Nf3 Nf6 2. c4 e6 3. g3 b6 4. Bg2 Bb7 5. 0-0 Be7 6. Nc3 0-0 7. d4 Ne4 8. Nxe4 Bxe4 9. a3 d5 10. cxd5 Qxd5 11. Bf4 c6 12. Nh4 Bxg2 13. Nxg2 Nd7 14. Qd2 Nf6 15. Ne3 Qh5 16. Qd3 Rac8 17. Rfe1 a5 18. Nc4 Qh3 19. Qf3 Nd5 20. Bd6 Bxd6 21. Nxd6 Rcd8 22. Ne4 Qh6 23. Rac1 f5 24. Nc3 Rc8 25. Nxd5 cxd5 26. Rc3 Qd2 27. Rec1 Rxc3 28. Qxc3 Qg5 29. Qc6 Kh8 30. f4 Qf6 31. Qxb6 h5 32. h4 Qg6 33. Kg2 Qg4 34. Qxe6 Rf6 35. Qe8+ Kh7 36. Rc5 Rb6 37. Rb5 Rg6 38. Rb3 Rc6 39. Rc3 Rb6 40. b3 Rb8 41. Qe6 Rb6 42. Qe5 Qg6 43. Qxd5 Rd6 44. Qxa5 Rxd4 45. Rd3 Qc6+ 46. Kf2 Rxd3 47. Qxf5+ Kg8 48. Qxd3 Qc5+ 49. Qe3 Qxa3 50. Qe8+ Kh7 51. Qxh5+ Kg8 52. Qd5+ Kh7 53. f5 Qa7+ 54. Kf3 Qg1 55. Kg4 Qe3 56. Qd3 Qe5 57. f6+ Kh6 58. fxg7 Qxg7+ 59. Kh3 Qf7 60. Qe3+ Kg7 61. Qg5+ Kf8 1-0

[Event "Alcorcon Spring op-B 1st"]
[Site "Alcorcon"]
[Date "2019.05.26"]
[Round "9"]
[White "Orantos Alonso, Francisco D"]
[Black "Menendez Domens, Juan Manuel"]
[Result "1-0"]
[WhiteElo "1687"]
[BlackElo "1434"]
[PlyCount "53"]
[EventDate "2019.03.24"]
[EventType "swiss"]
[EventRounds "9"]
[EventCountry "ESP"]
[SourceTitle "EXT 2020"]
[Source "ChessBase"]
[SourceDate "2019.10.17"]
[SourceVersion "1"]
[SourceVersionDate "2019.10.17"]
[SourceQuality "1"]

1. d4 Nf6 2. Nf3 d5 3. e3 Nc6 4. a3 e6 5. Nbd2 Bd6 6. Bd3 0-0 7. 0-0 e5 8. e4 dxe4 9. Nxe4 Nxd4 10. Nxd4 exd4 11. Bg5 Be7 12. Qf3 Bg4 13. Nxf6+ Bxf6 14. Qe4 g6 15. Bxf6 Qxf6 16. Qxg4 Rad8 17. Bc4 Qc6 18. b3 b5 19. Bd3 a6 20. Rfe1 Rfe8 21. Rxe8+ Qxe8 22. Kf1 Qe7 23. Qe4 Qd6 24. g3 Kf8 25. Re1 Qxa3 26. Qh4 Re8 27. Qh6+ 1-0

[Event "Madrid-ch Seniors 50"]
[Site "Madrid"]
[Date "2019.01.07"]
[Round "1"]
[White "Menendez Domens, Juan Manuel"]
[Black "Rueda Maria, Ramiro"]
[Result "0-1"]
[WhiteElo "1393"]
[BlackElo "1819"]
[PlyCount "54"]
[EventDate "2019.01.07"]
[EventType "swiss"]
[EventRounds "9"]
[EventCountry "ESP"]
[SourceTitle "CBM 188 Extra"]
[Source "ChessBase"]
[SourceDate "2019.02.26"]
[SourceVersion "1"]
[SourceVersionDate "2019.02.26"]
[SourceQuality "1"]

1. e4 e5 2. Nf3 Nc6 3. Bc4 Bc5 4. d3 d6 5. Ng5 Nh6 6. Nc3 0-0 7. h3 Na5 8. Nf3 Nxc4 9. Bxh6 gxh6 10. dxc4 Be6 11. b3 Kh8 12. Qd2 Qf6 13. Nd5 Bxd5 14. cxd5 Qg6 15. 0-0-0 Qxg2 16. Nh4 Qxf2 17. Nf5 Rg8 18. Qxf2 Bxf2 19. Nxh6 Be3+ 20. Kb1 Bxh6 21. Rdf1 Bf4 22. c4 Rg2 23. Rhg1 Rag8 24. Rxg2 Rxg2 25. b4 Kg7 26. c5 Kf6 27. a4 Re2 0-1

[Event "Madrid San Viator op-B 30th"]
[Site "Madrid"]
[Date "2018.06.10"]
[Round "9"]
[White "Menendez Domens, Juan Manuel"]
[Black "Mora Gonzalez Rojas, Francisco"]
[Result "0-1"]
[WhiteElo "1505"]
[BlackElo "1296"]
[PlyCount "62"]
[EventDate "2018.04.08"]
[EventType "swiss"]
[EventRounds "9"]
[EventCountry "ESP"]
[SourceTitle "EXT 2019"]
[Source "ChessBase"]
[SourceDate "2018.10.10"]
[SourceVersion "1"]
[SourceVersionDate "2018.10.10"]
[SourceQuality "1"]

1. e4 e5 2. Nf3 d6 3. d4 exd4 4. Nxd4 Nf6 5. Bg5 Be7 6. Nc3 0-0 7. Bd3 h6 8. Bh4 Bg4 9. Nf3 Nc6 10. h3 Bh5 11. Qd2 Ne5 12. Nxe5 dxe5 13. g4 Bg6 14. 0-0-0 Nh7 15. Bg3 Ng5 16. Bxe5 Nf3 17. Qf4 Bg5 18. Bxc7 Bxf4+ 19. Bxf4 Qh4 20. Bg3 Qg5+ 21. Kb1 Nd2+ 22. Ka1 Rad8 23. f4 Qc5 24. Rxd2 Qe3 25. Rg2 Qf3 26. Rhg1 Rfe8 27. f5 Bh7 28. Nd5 Kf8 29. Rh2 Rxd5 30. exd5 Qxd5 31. b3 Qd4+ 0-1